000 00281 a2200121 4500
005 20250403131504.0
082 _a519 MOR
100 _aMOTONEY, M. J.
245 _aFacts From Figures
260 _aLondon,
_bPenguin,
_c1951.
300 _aviii, 472p.
_bIndex.
_c18cm.
942 _2ddc
_cBKS
999 _c1094
_d1094